000 00297 a2200157 4500
001 176449
020 _a
040 _cMagnum
100 _aAragao, Cristina
240 1 0 _aIlere
_lpor
245 1 0 _aIlere
362 0 _a1899
440 1 _aBagaço
697 _aMAGNITO: I/POESIA
942 _cBK
999 _c176449
_d176449